000 00464cam a2200181ua 4500
001 3341
008 111017n ii |||gr||||Z||||||asm
040 _cMAIN
082 _a891.4513
100 1 _aKakati, Satis Chandra,
_eAuthor.
245 1 1 _aDiscover of assam
_cby Satis Chandra Kakati
250 _a1st.
260 _aKolkata:
_bArunchandra Guha,964.
300 _a218p:
_c23cm.
653 _aBiography
653 _aBiography of Discover of assam
942 _cBK
999 _c3186
_d3186